00870cac a22002171u 4500090000900000008004100009010001600050020001500066082001700081100003400098245012400132260010000256300003200356500002000388650003800408700003500446700002100481942002400502999001500526952011100541 c4169081215t 1982xxu||||| |||| 00| 0 eng d a 82013865 a086612010600a657.837bFAY aFay, Clifford T. 10aBasic financial accounting for the hospitality industry /cClifford T. Fay, Jr. Raymond S. Schmidgall, Stanley B. Tarr. aEast Lansing, Mich. :bEducational Institute of the American Hotel & Motel Association,cc1982. ax, 237 p. :bill. ;c29 cm. aIncludes index. 0aHospitality industryxAccounting.1 aSchmidgall, Raymond S.,d1945-1 aTarr, Stanley B. cBBk657.837FAY2ddc c4169d4169 00102ddc4070aMAINbMAINc1STd2007-08-23ePurchasel0o657.837 FAYp000000263r2025-07-15 00:00:00yBB